000 01647nam0a22002891 4500
001 rc\3411553
005 20250609232017.0
035 _a(NLR Aleph) 007552206
090 _a5213611
_c5213611
100 _a20130115d1969 |||y0rusy50 ca
101 0 _arus
102 _aRU
105 _ay z |||||
200 1 _aРабочая программа и методика научных исследований по разделу 3 "Совершенствование экономических взаимоотношений совхозов, переведенных на полный хозяйственный расчет, с сельскохозяйственными, снабженческими, заготовительными, торговыми, финансовыми и другими организациями"
_eТема № 12
_fВсесоюз. науч.-исслед. ин-т экономики сел. хоз-ва. Отд. планирования и хоз. расчета
210 _aМосква
_cБ. и.
_d1969
215 _a58 с.
_d20
300 _aНа обороте тит. л.: разработали кандидаты экон. наук Н.А. Банников, П.Г. Браньков, С.В. Грушин и Т.С. Митюшкин
333 _aДля служебного пользования. Экз. № 00197
702 1 _aГрушин
_bС.В.
_4570
702 1 _aМитюшкин
_bТ.С.
_4570
702 1 _aБраньков
_bП.Г.
_4570
702 1 _aБанников
_bН.А.
_4570
801 0 _aRU
_bNLR
_gpsbo
801 1 _aRU
_bELAR
_2rusmarc
852 _aNLR
_j50К/21845
942 _cBOOK
980 _aNB